Elementy avtomatiki v processach obrabotki kinoplenki.

Uložené v:
Podrobná bibliografia
Hlavný autor: Chalamejzer, M. B.
Médium: Kniha
Jazyk:Slovak
Vydané: 1961.
Tagy: Pridať tag
Žiadne tagy, Buďte prvý kto otaguje tento záznam!

MARC

LEADER 00000nam a22000004a 4500
001 000515607
005 20160728105354.0
008 160718s1961 xo e 000 0 slo d
040 |a SVKKK  |b slo  |c SVKKK  |e AACR2 
100 1 |a Chalamejzer, M. B. 
245 1 0 |a Elementy avtomatiki v processach obrabotki kinoplenki. 
260 |c 1961. 
500 |a Záznam revízie 
910 |a svkkk 
998 |a BK 
090 |g SCKHL  |k Sklad Pribinova 2. posch.  |a X0.2372  |j 09356  |i 515607-10  |4 Zastaraná  |s Vyradená